| 000 | 00526nam a22001577a 4500 | ||
|---|---|---|---|
| 003 | NUST | ||
| 082 | _a200 | ||
| 100 |
_aKhan, Abdul Salam _932909 |
||
| 245 |
_aDesign and Implementation of Dual Channel Flexible RF Spine Coil for Low Tesla MRI / _cAbdul Salam Khan |
||
| 264 |
_aIslamabad : _bSEECS, NUST, _c2022. |
||
| 300 | _a79 p. ; | ||
| 650 |
_aMS-Electrical Engineering _923567 |
||
| 700 |
_aSupervisor: Dr. Hammad M. Cheema _996905 |
||
| 856 | _uhttp://10.250.8.41:8080/xmlui/handle/123456789/31669 | ||
| 942 |
_2ddc _cSC |
||
| 999 |
_c592864 _d592864 |
||